Paradise Lost

Bibliografiska uppgifter
Huvudupphovsman: J. Milton
Sammanfattning:Книга находится в премиум-версии платформы «Русский как иностранный».
John Milton (1608 – 1674). A famous English poet, polemicist, man of letters, and civil servant for the Commonwealth of England under Oliver Cromwell. Milton\'s poetry and prose reflect deep personal convictions, a passion for freedom and self-determination, and the urgent issues and political turbulence of his day. Paradise Lost (1667) an epic poem written in blank verse, is considered to be Milton\'s major work. It certainly helped solidify his reputation as one of the greatest English poets of his time. The poem concerns the Biblical story of the Fall of Man: the temptation of Adam and Eve by the fallen angel Satan and their expulsion from the Garden of Eden. Milton\'s purpose, stated in Book I, is to \"justify the ways of God to men\".
Publicerad: Санкт-Петербург, Пальмира, 2017
Ämnen:
Länkar:Перейти к просмотру издания
Materialtyp: Elektronisk

MARC

LEADER 00000 a2200000 4500
001 RU/ROS-EDU.RU/85516
856 4 |u https://www.ros-edu.ru/book?id=85516  |z Перейти к просмотру издания 
010 |a 978-5-521-00199-6 
100 |a 20170101d2017 |||y0rusy0250  
105 |a y z 000zy 
101 0 |a rus 
102 |a RU 
200 1 |a Paradise Lost  |b Электронный ресурс  |f J. Milton 
700 1 |b J.  |a Milton  |4 070 
330 |a John Milton (1608 – 1674). A famous English poet, polemicist, man of letters, and civil servant for the Commonwealth of England under Oliver Cromwell. Milton\'s poetry and prose reflect deep personal convictions, a passion for freedom and self-determination, and the urgent issues and political turbulence of his day. Paradise Lost (1667) an epic poem written in blank verse, is considered to be Milton\'s major work. It certainly helped solidify his reputation as one of the greatest English poets of his time. The poem concerns the Biblical story of the Fall of Man: the temptation of Adam and Eve by the fallen angel Satan and their expulsion from the Garden of Eden. Milton\'s purpose, stated in Book I, is to \"justify the ways of God to men\". 
210 |a Санкт-Петербург  |c Пальмира  |d 2017 
610 1 |a художественная литература 
610 1 |a зарубежная поэзия 
610 1 |a английский язык 
610 1 |a классика 
610 1 |a поэма 
675 |a 82 
686 |a 84  |2 rubbk 
300 |a Книга находится в премиум-версии платформы «Русский как иностранный». 
215 |a 254 с.